Our political system. (Record no. 844)
[ view plain ]
| 000 -LEADER | |
|---|---|
| fixed length control field | 00524cam a2200205ua 4500 |
| 001 - CONTROL NUMBER | |
| control field | 921 |
| 005 - DATE AND TIME OF LATEST TRANSACTION | |
| control field | 20260515113238.0 |
| 008 - FIXED-LENGTH DATA ELEMENTS--GENERAL INFORMATION | |
| fixed length control field | 110423n ii |||gr||||Z||||||eng |
| 020 ## - INTERNATIONAL STANDARD BOOK NUMBER | |
| International Standard Book Number | 978-81-237-5251-8 |
| 040 ## - CATALOGING SOURCE | |
| Transcribing agency | MAIN |
| 082 ## - DEWEY DECIMAL CLASSIFICATION NUMBER | |
| Classification number | 320.954 |
| 245 1# - TITLE STATEMENT | |
| Title | Our political system. |
| Statement of responsibility, etc. | By Subhash C. Kashyap. |
| 250 ## - EDITION STATEMENT | |
| Edition statement | 1st. |
| 260 ## - PUBLICATION, DISTRIBUTION, ETC. | |
| Place of publication, distribution, etc. | New Delhi.: |
| Name of publisher, distributor, etc. | National book trust., |
| Date of publication, distribution, etc. | 2008. |
| 300 ## - PHYSICAL DESCRIPTION | |
| Extent | 420 p.: |
| Dimensions | 23 cm. |
| 653 ## - INDEX TERM--UNCONTROLLED | |
| Uncontrolled term | Political science. |
| 653 ## - INDEX TERM--UNCONTROLLED | |
| Uncontrolled term | Political system. |
| 700 1# - ADDED ENTRY--PERSONAL NAME | |
| Personal name | Kashyap, Subhash C., |
| 942 ## - ADDED ENTRY ELEMENTS (KOHA) | |
| Koha item type | Books |
| Withdrawn status | Lost status | Damaged status | Not for loan | Home library | Current library | Shelving location | Date acquired | Total checkouts | Full call number | Barcode | Date last seen | Copy number | Price effective from | Koha item type |
|---|---|---|---|---|---|---|---|---|---|---|---|---|---|---|
| Naharkatiya College Library | Naharkatiya College Library | General stacks | 09/19/2020 | 320.954 | KAS | 17875 | 09/19/2020 | 1 | 09/19/2020 | Books |